| 000 | 00667naa a2200193 4500 | ||
|---|---|---|---|
| 005 | 20100505113110.0 | ||
| 008 | 100505t xxu||||| |||| 00| 0 eng d | ||
| 020 |
_a9788183333085 _c180.00 |
||
| 037 | _bPUB | ||
| 040 |
_adpl _bEnglish |
||
| 100 | _aNadhani, Asok K. | ||
| 245 |
_aAuditing & assurance: _cby Asok K. Nadhani _bCA-professional competence... course (IPCC) / |
||
| 260 |
_aNew Delhi _bBPB Publications _c2009 |
||
| 270 |
_aB-14, Cannught Place, _bNew Delhi _e110001 |
||
| 300 |
_a350p. _c25cm(pbk) |
||
| 500 | _aIncludes index | ||
| 942 |
_adpl _cEN _2ddc _mNAD |
||
| 999 |
_c35692 _d35692 |
||